000 00407nam a22001697a 4500
005 20250812123838.0
008 250812b |||||||| |||| 00| 0 eng d
020 _a9780752876795
_qPBK
041 _aeng
082 _a823.914 JAM
100 _aJames Peter
245 _aTwilight
_c/ PETER JAMES
250 _a1st ed
260 _aBritain
_bGollancz
_c1991
300 _a316P. :
_c18CM
942 _cENGLISH
999 _c581108
_d581108